000 00317nam a22001097a 4500
999 _c109582
_d109582
005 20181214110452.0
008 181214b ||||| |||| 00| 0 eng d
040 _cPK-LaUMT
082 _aRHC 297.86
_bJAM-
245 _aJamaat e Islami mutfariqaat , reports(جماعت اسلامی متفرقات)/۔۔۔
942 _cBK